000 00307nam a2200121Ia 4500
008 220216s9999 xx 000 0 und d
245 0 _aRRIM planting recommendations 1995-7
260 _bPlanters Bulletin
_c1995
300 _a51-72
650 _aMalaysia
650 _aPlanting recommendation
942 _cJS
999 _c67376
_d67376